00232nam a22000977a 4500020001800000082001400018100001600032245004000048260003600088300001000124 a9789380027623 a621.3 GUP aJ. B. Gupta aA Textbook of electrical technology aNew DelhibKataria & Sonsc2014 a577p.